Cancionero musical de la Colombina (siglo XV) / transcripción y estudios por Miguel Querol Gavaldá
Publicado:
Barcelona :
Consejo Superior de Investigaciones Científicas : Instituto Español de Musicología ,
1971
Descripción Física:
103 p. : il., amb pauta musical ; 32 cm
MARC
| LEADER | 00000nam a2200000Ia 4500 | ||
|---|---|---|---|
| 001 | 8896 | ||
| 008 | 160829s1971 xx 000 0 cat d | ||
| 080 | |a B-1-25 | ||
| 100 | |a Querol i Gavaldà, Miquel |9 21172 | ||
| 245 | |a Cancionero musical de la Colombina (siglo XV) / transcripción y estudios por Miguel Querol Gavaldá | ||
| 260 | |a Barcelona : |b Consejo Superior de Investigaciones Científicas : |b Instituto Español de Musicología, |c 1971 | ||
| 300 | |a 103 p. : |b il., amb pauta musical ; |c 32 cm | ||
| 650 | |a Cants polifònics castellans |x S. XV |9 30882 | ||
| 650 | |a Cancionero de la Colombina |9 30883 | ||
| 710 | 2 | |a Consejo Superior de Investigaciones Científicas (CSIC) (Espanya) |9 53988 | |
| 710 | 2 | |a Instituto Español de Musicología |9 54314 | |
| 901 | |a Arxiu | ||
| 942 | |n 1 | ||
| 952 | |0 0 |1 0 |4 0 |6 B125 |7 1 |9 45556 |a Arxiu |b Arxiu |d 2016-12-01 |l 0 |o B-1-25 |p 8896 |r 2016-12-01 00:00:00 |w 2016-12-01 |y ARXIU | ||
| 999 | |c 48724 |d 48724 | ||